|
|
|
|
| LEADER |
01696nam a2200421 4500 |
| 001 |
ocn899277694 |
| 003 |
OCoLC |
| 005 |
20180501122023.0 |
| 006 |
m o d |
| 007 |
cr un||||||||| |
| 008 |
141220s2015 enk o 001 0 eng d |
| 040 |
|
|
|a YDXCP
|b eng
|e rda
|e pn
|c YDXCP
|d OCLCQ
|d OPELS
|d UIU
|d OCLCF
|d EBLCP
|d N$T
|d IDEBK
|d CDX
|d N$T
|d D6H
|d OCLCQ
|d CUS
|d GrThAP
|
| 019 |
|
|
|a 929521483
|
| 020 |
|
|
|a 9780124166127
|q (electronic bk.)
|
| 020 |
|
|
|a 0124166121
|q (electronic bk.)
|
| 020 |
|
|
|a 9780124095236
|
| 035 |
|
|
|a (OCoLC)899277694
|z (OCoLC)929521483
|
| 050 |
|
4 |
|a QH453
|
| 072 |
|
7 |
|a SCI
|x 056000
|2 bisacsh
|
| 082 |
0 |
4 |
|a 571.8/5
|2 23
|
| 049 |
|
|
|a TEFA
|
| 245 |
0 |
0 |
|a Maternal-to zygotic transition /
|c edited by Howard D. Lipshitz.
|
| 264 |
|
1 |
|a London, UK :
|b Academic Press,
|c 2015.
|
| 300 |
|
|
|a 1 online resource.
|
| 336 |
|
|
|a text
|b txt
|2 rdacontent
|
| 337 |
|
|
|a computer
|b c
|2 rdamedia
|
| 338 |
|
|
|a online resource
|b cr
|2 rdacarrier
|
| 490 |
1 |
|
|a Current topics in developmental biology ;
|v volume 113
|
| 500 |
|
|
|a Includes index.
|
| 588 |
0 |
|
|a Online resource; title from title details screen (ScienceDirect, viewed September 16, 2015).
|
| 650 |
|
0 |
|a Developmental genetics.
|
| 650 |
|
7 |
|a SCIENCE
|x Life Sciences
|x Anatomy & Physiology.
|2 bisacsh
|
| 650 |
|
7 |
|a Developmental genetics.
|2 fast
|0 (OCoLC)fst00891808
|
| 655 |
|
4 |
|a Electronic books.
|
| 700 |
1 |
|
|a Lipshitz, Howard D.,
|e editor.
|
| 776 |
0 |
8 |
|i Print version:
|a Lipshitz, Howard.
|t Maternal-to-Zygotic Transition.
|d : Elsevier Science, ©2015
|z 9780124095236
|
| 830 |
|
0 |
|a Current topics in developmental biology ;
|v v. 113.
|
| 856 |
4 |
0 |
|u https://www.sciencedirect.com/science/bookseries/00702153/113
|z Full Text via HEAL-Link
|